| 000 | 00464nam a22001697a 4500 | ||
|---|---|---|---|
| 999 |
_c60556 _d60556 |
||
| 005 | 20230823120053.0 | ||
| 008 | 230823s1980 gw ||||| |||| 00| 0 ger d | ||
| 020 | _a3499180790 | ||
| 041 | _ager | ||
| 080 | _a902 N-82 | ||
| 100 |
_aNorton-Taylor, Duncan _919704 |
||
| 245 |
_aDie Kelten : _b(Die Frühzeit des Menschen) / _cDuncan Norton-Taylor. |
||
| 264 | _c1984. | ||
| 300 |
_a160 p.: _bill. ; _c26 cm. |
||
| 653 | _aკელტები | ||
| 942 |
_2udc _cBK |
||